| 000 | 00730nam a22002293a 4500 | ||
|---|---|---|---|
| 005 | 20220624063600.0 | ||
| 008 | 010531s1999 mx fr 000 0 spa d | ||
| 020 | _a8478690522 | ||
| 035 | _aUPN01000116984 | ||
| 049 | _aCG | ||
| 050 | 4 |
_aLB1131 _bP7.6 no.15 |
|
| 100 | 1 |
_aYuste Hernanz, Carlos _929510 |
|
| 245 | 1 | 0 |
_aFundamentos del razonamiento / _cCarlos Yuste Hernanz, Juan Miguel S. Quiros. |
| 260 |
_aMadrid : _bCEPE, _c1999. |
||
| 300 |
_a95 p. : _bil. |
||
| 440 | 0 |
_aProgresint ; _v15 |
|
| 500 | _a"Primaria 4º- 5º- 6º. Nivel 3" | ||
| 500 | _a"Programas para la estimulación de las habilidades de la inteligencia" | ||
| 650 | 4 |
_aRazonamiento _93600 |
|
| 700 | 1 |
_aQuiros, Juan Miguel S. _ecoaut. |
|
| 905 | _aLibro | ||
| 999 |
_c89612 _d89612 |
||